000
00300nam a2200109Ia 4500
008
230907s9999||||xx |||||||||||||| ||und||
082
_a
333.714
_b
BAR
245
0
_a
Environmental impact assessment /
260
_a
New Age International Publishers,
_b
New Delhi :
_c
2014
300
_a
412 p.
942
_c
BK
999
_c
600272
_d
600272